| 000 | 00736nam a22002297a 4500 | ||
|---|---|---|---|
| 005 | 20100727123640.0 | ||
| 010 | _aENG-97185 | ||
| 020 |
_a9788183331630 _c240.00 |
||
| 020 | _a8183331637 | ||
| 035 | _aEN-80718 | ||
| 037 | _bDBAD/PUB | ||
| 082 | _a005.13 | ||
| 100 |
_aKanetkar P Yashavant _91881 |
||
| 245 |
_aLet us C / _cby Yashavant P Kanetkar |
||
| 250 | _a9th ed | ||
| 260 |
_aNew Delhi _bBPB publications _c2009 |
||
| 270 |
_aB-14, Connaught Place _e110001 |
||
| 300 |
_axix,758 p. _c21 cm.(pbk) |
||
| 500 | _ainculdes index | ||
| 942 |
_2ddc _cEN _h005.13 _mKAN |
||
| 999 |
_c37903 _d37903 |
||